| 000 | 00462nam a22001697a 4500 | ||
|---|---|---|---|
| 005 | 20180411110059.0 | ||
| 008 | 160518b xxu||||| |||| 00| 0 eng d | ||
| 020 | _a81-203-1141-8 | ||
| 041 | _aeng | ||
| 082 |
_b2755 _a338.88 |
||
| 100 |
_aSundaram A.k and Black J. S _94253 |
||
| 245 | _aThe International Business Environment Text and Cases | ||
| 260 |
_aNew Delhi _bPrentice hall of India, _c2001 |
||
| 300 | _a339 | ||
| 650 |
_aManagement _9241 |
||
| 942 | _cBK | ||
| 999 |
_c982 _d982 |
||